The Autobiography of Bertrand Russell 1872-1914 (Record no. 1085)

000 -LEADER
fixed length control field 00696nam a22002297a 4500
003 - CONTROL NUMBER IDENTIFIER
control field OSt
005 - DATE AND TIME OF LATEST TRANSACTION
control field 20210426125251.0
008 - FIXED-LENGTH DATA ELEMENTS--GENERAL INFORMATION
fixed length control field 210201s1967 ||||| |||| 00| 0 eng d
040 ## - CATALOGING SOURCE
Original cataloging agency eng
Language of cataloging eng
Transcribing agency DLC
041 ## - LANGUAGE CODE
Language code of text/sound track or separate title eng
080 ## - UNIVERSAL DECIMAL CLASSIFICATION NUMBER
Universal Decimal Classification number 92
Item number R-95
100 ## - MAIN ENTRY--PERSONAL NAME
9 (RLIN) 739
Personal name Russell, Bertrand
245 ## - TITLE STATEMENT
Title The Autobiography of Bertrand Russell 1872-1914
Statement of responsibility, etc. / by: Little, Brown and Company / An Atlantic Monthly Press Book
250 ## - EDITION STATEMENT
Edition statement 1st American edition
260 ## - PUBLICATION, DISTRIBUTION, ETC.
Place of publication, distribution, etc. Boston
Name of publisher, distributor, etc. Little, Brown and Company
Date of publication, distribution, etc. 1967
300 ## - PHYSICAL DESCRIPTION
Extent 356 p.
Other physical details ill.
650 #0 - SUBJECT ADDED ENTRY--TOPICAL TERM
9 (RLIN) 237
Topical term or geographic name entry element Biography
650 #0 - SUBJECT ADDED ENTRY--TOPICAL TERM
9 (RLIN) 282
Topical term or geographic name entry element Philosophy
653 ## - INDEX TERM--UNCONTROLLED
Uncontrolled term ბიოგრაფია
653 ## - INDEX TERM--UNCONTROLLED
Uncontrolled term ფილოსოფია
942 ## - ADDED ENTRY ELEMENTS (KOHA)
Source of classification or shelving scheme
Koha item type Books
Edition 1
Holdings
Withdrawn status Lost status Source of classification or shelving scheme Damaged status Not for loan Permanent location Current location Date acquired Inventory number Total Checkouts Full call number Barcode Date last seen Price effective from Koha item type
          Ken Walker International University Ken Walker International University 02/01/2021 2547   92 R-95 2547 02/01/2021 02/01/2021 Books

Powered by Koha